| 000 | 01558cam a22004094i 4500 | ||
|---|---|---|---|
| 003 | PE-LiUPU | ||
| 005 | 20250731183437.0 | ||
| 008 | 171115s2012 pe a rb 000 0 spa d | ||
| 020 | _a9786124146022 | ||
| 035 | _a(Sirsi) i9786124146022 | ||
| 040 |
_aPE-LiUPU _bspa _cPE-LiUPU _erda |
||
| 049 | _aPRUA | ||
| 082 | 0 | 4 |
_a711.4098501 _bC235c |
| 100 |
_aCanziani Amico, José _eAutor. _9563 |
||
| 245 | 1 | 0 |
_aCiudad y territorio en los Andes : _bContribuciones a la historia del urbanismo prehispánico / _cJosé Canziani Amico. |
| 250 | _aSegunda Edición. | ||
| 264 | 1 |
_aLima : _bFondo Editorial Pontificia Universidad Católica del Perú, _c2012. |
|
| 300 |
_a549 páginas : _bilustraciones ; _c24 centímetros. |
||
| 336 |
_atext _2rdacontent |
||
| 337 |
_aunmediated _2rdamedia |
||
| 338 |
_avolume _2rdacarrier |
||
| 504 | _aBibliografía : páginas 517-542. | ||
| 505 | 0 | _aArquitectura y urbanismo -- Los orígenes -- El germen de lo urbano -- El urbanismo temprano -- Las principales ciudades -- La primera formación imperial andina -- Estados y señoríos tardíos -- El imperio Inca. | |
| 526 | _aP158 | ||
| 526 | _aP146 | ||
| 526 | _aP17 | ||
| 526 | _aP12 | ||
| 526 | _aP06 | ||
| 526 | 8 |
_iPrograma académico : _5PE-LiUPU |
|
| 650 | 0 | 0 |
_aArquitectura Indígena _zPerú. _9568 |
| 650 | 0 | 0 |
_aUrbanismo _zPerú. _9570 _yÉpoca prehispánica |
| 710 |
_9546 _aPontificia Universidad Católica del Perú _eAutor. |
||
| 910 | _afsr | ||
| 910 | _adbm | ||
| 942 |
_2ddc _cBK _n0 |
||
| 980 |
_81 _gALBERTO SANCHEZ Responsable de Automatización |
||
| 999 |
_c54618 _d54618 |
||